Mi experiencia sobre Jesucristo: testimonio de veinticuatro chilenos
Gespeichert in:
| 1. Verfasser: | |
|---|---|
| Format: | Buch |
| Sprache: | Spanisch |
| Veröffentlicht: |
Santiago
Ediciones del Colegio Editorial del Pacífico S. A
1980
|
| Ausgabe: | 1a. ed |
| Schlagworte: | |
| Tags: |
Tag hinzufügen
Keine Tags, Fügen Sie den ersten Tag hinzu!
|
MARC
| LEADER | 00000cam a2200000 a 4500 | ||
|---|---|---|---|
| 001 | UCC6480 | ||
| 003 | CL-VaPUC | ||
| 008 | 181213e19800000cl |||||||||||||||||spa|d | ||
| 082 | 0 | 4 | |a 232 |b MON |2 21 |
| 100 | |a Montes Brunet, Hugo |e autor |9 416030 | ||
| 245 | 1 | 0 | |a Mi experiencia sobre Jesucristo: testimonio de veinticuatro chilenos |
| 250 | |a 1a. ed | ||
| 300 | |a 150 p | ||
| 942 | |c BK | ||
| 945 | |d 20181213 14:55:00 |a dcastane | ||
| 260 | |a Santiago |b Ediciones del Colegio Editorial del Pacífico S. A |c 1980 | ||
| 600 | 0 | |a Jesús |9 313614 | |
| 650 | 0 | |a Cristología |9 315091 | |
| 650 | 0 | |a Vida de Jesús |9 478097 | |
| 583 | |a last modification |c 20181213 14:55:00 |k Rodrigo Vera | ||
| 999 | |c 373421 |d 373419 | ||
| 952 | |0 0 |1 0 |3 erb |4 0 |6 232_000000000000000_MON_1980 |7 0 |8 A |9 491522 |a BIBTEO |b BIBTEO |e Precht Pizarro, Jorge Enrique |i 552119K |o 232 MON 1980 |p 552119K |r 2025-01-17 |w 2019-11-24 |y BK |z Catalogado en:20181213 |k ICR | ||